Metódy prieskumu pri racionalizácii práce. 5

Salvato in:
Dettagli Bibliografici
Autore principale: Stračár, Vladislav
Natura: Libro
Lingua:slovacco
Pubblicazione: Bratislava Práca 1968
Tags: Aggiungi Tag
Nessun Tag, puoi essere il primo ad aggiungerne!!

MARC

LEADER 00000nam a2200000 4500
001 c122428
005 20230116103424.0
041 0 |a slo 
044 |a SK 
245 1 0 |a Metódy prieskumu pri racionalizácii práce. 5  |c Vladislav Stračár 
264 1 |a Bratislava  |b Práca  |c 1968 
300 |a 128 s. 
100 1 |a Stračár, Vladislav